Państwa posiadające na fladze kolor pomarańczowy. - Statystyki

Ogólne statystyki
  • Ten quiz został rozwiązany 245 razy
    150 od ostatniego zresetowania
  • Średni wynik to 6 z 15
Statystyki odpowiedzi
Państwo: % Poprawnych
Irlandia
78%
Wybrzeże Kości Słoniowej
63%
Indie
54%
Meksyk
53%
Bhutan
48%
Niger
47%
Cypr
38%
Sri Lanka
35%
Argentyna
31%
Wyspy Marshalla
31%
Armenia
29%
Czarnogóra
26%
Nikaragua
25%
Zambia
25%
Gwatemala
24%
Nie znaleziono quizów pasujących do podanych kryteriów
Rozkład punktacji
Procent ludzi z każdym wynikiem
Percentyl według liczby udzielonych odpowiedzi
Twoja historia wyników
Nie rozwiązałeś tego quizu od ostatniego zresetowania